| 000 | 00485nam a22001817a 4500 | ||
|---|---|---|---|
| 003 | CEME | ||
| 005 | 20210628210010.0 | ||
| 008 | 210210b xxu||||| |||| 00| 0 eng d | ||
| 020 | _a0-13-564154-3 | ||
| 040 | _c. | ||
| 082 | _a510.2462 COH | ||
| 100 |
_aCohen, Harold _977773 |
||
| 245 | _aMathematics for scientists and engineers | ||
| 260 |
_aUS _bPRENTICE HALL _c1992 |
||
| 300 | _a775P | ||
| 650 |
_aMATHEMATICS FOR ENGINEERS ENGINEERING MATHEMATICS _977774 |
||
| 942 |
_cBK _2ddc |
||
| 999 |
_c582992 _d582992 |
||